00524nam a2200193Ia 4500003000400000005001700004008004100021020002200062040000700084041000800091082001500099100001900114245006800133260004300201300001600244365001300260440004100273650001600314OSt20230623115016.0210423s2010 xx 000 0 und d a978-93-80250-06-9 cAL aeng a510.9 SESS aSESHADRI (C S) aStudies in the history of Indian mathematicscBHATIA (Rajendra) aNew DelhibHindustan Book Agencyc2010 axiv,389bHB b650cINR aCulture and history of mathematics 5 aMathematics